|
|
|
|
| LEADER |
01018nam a2200265 a 4500 |
| 001 |
3525166 |
| 008 |
091105s1996 dcua b i000 0 eng d |
| 010 |
|
|
|a 96027346
|
| 020 |
|
|
|a 0821337319
|
| 040 |
|
|
|a DLC
|c DLC
|d DLC
|
| 082 |
0 |
0 |
|a 338.9/0068/6
|2 20
|
| 100 |
1 |
|
|a Mosse, Roberto,
|d 1944-
|
| 245 |
1 |
0 |
|a Performance monitoring indicators handbook /
|c Roberto Mosse, Leigh Ellen Sontheimer.
|
| 260 |
|
|
|a Washington, D.C. :
|b The World Bank,
|c 1996.
|
| 300 |
|
|
|a vi, 46 p. :
|b ill. ;
|c 28 cm.
|
| 440 |
|
0 |
|a World Bank technical paper,
|x 0253-7494 ;
|v no. 334
|
| 504 |
|
|
|a Includes bibliographical references.
|
| 541 |
1 |
|
|e 00007292
|
| 610 |
2 |
0 |
|a World Bank.
|
| 650 |
|
0 |
|a Economic development projects
|x Evaluation.
|
| 700 |
1 |
|
|a Sontheimer, Leigh Ellen,
|d 1964-
|
| 710 |
2 |
|
|a World Bank.
|
| 852 |
4 |
|
|a Ayesha Abed Library
|j General Shelf
|
| 999 |
|
|
|c 5722
|d 5722
|
| 952 |
|
|
|0 0
|1 0
|2 ddc
|4 0
|6 338_900686000000000_MOS_1996
|7 0
|9 5656
|a BRACUL
|b BRACUL
|c GEN
|d 2009-11-21
|g 2068.00
|l 0
|o 338.900686 MOS
|p 3010007292
|r 2009-11-21
|t 1
|w 2009-11-21
|y BK
|